000 00307nam a2200109Ia 4500
008 200302s9999 xx 000 0 und d
100 _aPeter Bosselmann
245 _aRepresentation of Places Reality and Realism in City Design
260 _bUniversity of California Press
260 _c1998
300 _a228 P.,
999 _c5755
_d5755